Ed Reed Interceptions by QB - Statistics

General Stats
  • This quiz has been taken 7 times
  • The average score is 12 of 46
Answer Stats
Hint Answer % Correct
CIN Carson Palmer
80%
SD Drew Brees
80%
NYG Eli Manning
80%
IND Peyton Manning
80%
NE Tom Brady
80%
PIT Ben Roethlisberger
60%
TEN Steve McNair
60%
DAL Tony Romo
60%
CIN Andy Dalton
40%
SF Colin Kaepernick
40%
HOU David Carr
40%
CLE Derek Anderson
40%
PHI Donovan McNabb
40%
CLE Jeff Garcia
40%
STL Marc Bulger
40%
SEA Matt Hasselbeck
40%
PHI Michael Vick
40%
PIT Tommy Maddox
40%
KC Trent Green
40%
TEN Vince Young
40%
MIA Chad Pennington
20%
CLE Colt McCoy
20%
JAX David Garrard
20%
WSH/CLE Jason Campbell
20%
CIN Jon Kitna
20%
PHI Kevin Kolb
20%
BUF Ryan Fitzpatrick
20%
MIA Ryan Tannehill
20%
DAL Vinny Testaverde
20%
CLE Brandon Weeden
0%
DEN/MIA Brian Griese
0%
CAR Brian St. Pierre
0%
MIA Chad Henne
0%
PIT Charlie Batch
0%
CLE Charlie Frye
0%
TB Chris Simms
0%
BUF Drew Bledsoe
0%
STL Gus Frerotte
0%
ARI Jeff Blake
0%
NYJ Kellen Clemens
0%
CLE Kelly Holcomb
0%
NYJ (RB) LaMont Jordan
0%
OAK Matt McGloin
0%
MIA Sage Rosenfels
0%
HOU T.J. Yates
0%
SF Trent Dilfer
0%
No matching quizzes found
Score Distribution
Percent of People with Each Score
Percentile by Number Answered
Your Score History
You have not taken this quiz